[Event "Prva liga Centralne Srbije 2007"]
[Site "Vrnjacka Banja"]
[Date "2007.09.23"]
[Round "3.6"]
[White "Milunovic, Toni"]
[Black "Cvetkovic, Nemanja"]
[Result "1-0"]
[WhiteElo "2317"]
[BlackElo "2276"]
[PlyCount "43"]
[EventDate "2007.09.09"]

1. e4 c5 2. Nc3 e6 3. g3 d6 4. Bg2 Nc6 5. d3 g6 6. Bf4 Bg7 7. Qd2 a6 8. Nge2 b5
9. O-O Bb7 10. a4 b4 11. Nd1 e5 12. Bg5 Qd7 13. c3 Nge7 14. Bh6 O-O 15. Bxg7
Kxg7 16. d4 bxc3 17. bxc3 Na5 18. Qd3 Nb3 19. Ra2 Qc7 20. Ne3 a5 21. Qc4 Qb6
22. Rb1 1-0

[Event "Prva liga Centralne Srbije 2007"]
[Site "Vrnjacka Banja"]
[Date "2007.09.23"]
[Round "3.6"]
[White "Ravic, Nenad"]
[Black "Dmitrovic, Tomislav"]
[Result "1/2-1/2"]
[WhiteElo "2128"]
[BlackElo "2266"]
[PlyCount "93"]
[EventDate "2007.09.09"]

1. e4 e6 2. d4 d5 3. Nc3 Bb4 4. e5 b6 5. Qg4 Bf8 6. Bg5 Qd7 7. Nf3 Ba6 8. Bxa6
Nxa6 9. O-O h6 10. Bf4 Ne7 11. Rad1 Nb8 12. Rfe1 Nbc6 13. Ne2 O-O-O 14. Ng3 g6
15. b3 Nf5 16. c4 Bb4 17. Bd2 h5 18. Qf4 h4 19. Nxf5 gxf5 20. Bxb4 Nxb4 21. Qd2
Qe7 22. c5 Nc6 23. cxb6 cxb6 24. Rc1 Kb7 25. Rc3 Rc8 26. Rec1 Rc7 27. b4 Rhc8
28. a3 a6 29. Qf4 h3 30. gxh3 Rg8+ 31. Kf1 Rcc8 32. Ke2 Qd7 33. Qd2 Qe7 34. Rg1
Rxg1 35. Nxg1 Qh4 36. f4 Rg8 37. Kf1 Na7 38. Qf2 Qh5 39. Ne2 Nb5 40. Rg3 Rxg3
41. Qxg3 Nxd4 42. Nxd4 Qd1+ 43. Kg2 Qxd4 44. Qg7 Qe4+ 45. Kg3 Qe3+ 46. Kg2 Qe2+
47. Kg3 1/2-1/2

[Event "Prva liga Centralne Srbije 2007"]
[Site "Vrnjacka Banja"]
[Date "2007.09.23"]
[Round "3.6"]
[White "Tosic, Nebojsa"]
[Black "Rajkovic, Ljubisa"]
[Result "1/2-1/2"]
[WhiteElo "2227"]
[BlackElo "2189"]
[PlyCount "32"]
[EventDate "2007.09.09"]

1. e4 c5 2. Nf3 e6 3. d4 cxd4 4. Nxd4 Nf6 5. Nc3 d6 6. g4 h6 7. g5 hxg5 8. Bxg5
Qb6 9. Nb3 a6 10. Qe2 Be7 11. O-O-O Nc6 12. f4 Qc7 13. Bg2 Bd7 14. h4 O-O-O 15.
Rh3 Kb8 16. Re3 Nh5 1/2-1/2

[Event "Prva liga Centralne Srbije 2007"]
[Site "Vrnjacka Banja"]
[Date "2007.09.23"]
[Round "3.6"]
[White "Jakovljevic, Zivota"]
[Black "Rajkovic, Ljubomir"]
[Result "1/2-1/2"]
[WhiteElo "2131"]
[BlackElo "2208"]
[PlyCount "116"]
[EventDate "2007.09.09"]

1. d4 Nf6 2. c4 g6 3. Nc3 Bg7 4. e4 d6 5. f3 O-O 6. Be3 Nc6 7. Nge2 a6 8. g3
Rb8 9. Bg2 b5 10. cxb5 axb5 11. O-O b4 12. Na4 Bd7 13. b3 Na5 14. Nb2 Bb5 15.
Re1 Nd7 16. Qd2 c5 17. Rac1 Qb6 18. e5 Rbc8 19. e6 fxe6 20. Nf4 cxd4 21. Bf2
Rxc1 22. Rxc1 Nc5 23. Qxb4 Nc6 24. Qd2 Bh6 25. Qe1 Bxf4 26. gxf4 e5 27. fxe5
Nxe5 28. Bxd4 Nxf3+ 29. Bxf3 Rxf3 30. Qxe7 Rf7 31. Qe3 Rf5 32. Qe7 Rf7 33. Qe3
Rf5 34. Qe6+ Nxe6 35. Bxb6 Nf4 36. Rc8+ Kf7 37. a4 Ne2+ 38. Kg2 Nf4+ 39. Kh1
Bf1 40. h4 Ne2 41. Rc7+ Ke6 42. Nc4 Rf4 43. Rxh7 Rf3 44. Bg1 Rxb3 45. Nd2 Rh3+
46. Bh2 Ng3+ 47. Kg1 Ne2+ 48. Kh1 Ng3+ 49. Kg1 Ne2+ 50. Kxf1 Rxh2 51. a5 Nd4
52. Ke1 Rh1+ 53. Nf1 Rh3 54. a6 Ra3 55. Ra7 Nc6 56. Ra8 Kd5 57. Nd2 Nb4 58. a7
Nc6 1/2-1/2

[Event "Prva liga Centralne Srbije 2007"]
[Site "Vrnjacka Banja"]
[Date "2007.09.23"]
[Round "3.6"]
[White "Rajkovic, Aleksandar"]
[Black "Klcesko, Nebojsa"]
[Result "1/2-1/2"]
[WhiteElo "2148"]
[BlackElo "1887"]
[PlyCount "62"]
[EventDate "2007.09.09"]

1. Nf3 d5 2. c4 e6 3. g3 c6 4. b3 Nf6 5. Bb2 Be7 6. Bg2 O-O 7. O-O b6 8. d3 Bb7
9. Nbd2 c5 10. Ne5 Qc7 11. Rc1 Nbd7 12. cxd5 Nxe5 13. Bxe5 Qxe5 14. d6 Bxg2 15.
dxe7 Bxf1 16. exf8=R+ Rxf8 17. Nxf1 Nd5 18. Qd2 f5 19. Ne3 f4 20. Nxd5 exd5 21.
d4 cxd4 22. Rd1 fxg3 23. hxg3 h6 24. Qxd4 Qxe2 25. Qxd5+ Kh8 26. Rd2 Qe1+ 27.
Kg2 Qe7 28. Rd3 Qe2 29. Rf3 Rxf3 30. Qxf3 Qxa2 31. Qf8+ Kh7 1/2-1/2